1431 1084 1195 1555 1123 1406 1071 1568 1976 1860 1383 1079 1658 1041 1820 1791 1241 1053 1747 1448 1437 1911 1055 1848 1683 1941 1359 1648 1462 1713 1698 1532 1378 1376 1194 1997 1679 1139 1385 1765 1696 1134 1726 1071 1471 1469 1288 1108 1587 1793 1310 1412 1696 1723 1540 1149 1193 1290 1065 1105 1146 1706 1575 1100 1300 1943 1682 1599 1907 1458 1809 1682 1891 1920 1334 1493 1600 1914 1013 1336 1908 1923 1634 1967 1843 1988 1030 1654 1642 1877 1599 1455 1568 1373 1383 1894 1989 1880 1337 BCNSPRNW ULIB Ver.6.0+V

เปลี่ยนเป็นภาษาไทย

Change to English
 แสดงรายละเอียดบรรณานุกรม
  กลับหน้าหลัก

Brief Record : Get Marc (ISO 2709) : E-mail record : QR code < ปิดหน้าต่าง
LEADER : 00000nam 2200000uu 4500
001    13399123567
003     ULIB
008    141009s2556||||th 000 0 tha d
020    ^a9786169144632
060  4 ^aWY18^bส15ค
100    ^aสุปาณี เสนาดิสัย, บรรณาธิการ
245    ^aคู่มือการรับรองสถาบันการศึกษาวิชาการพยาบาลและการผดุงครรภ์สำหรับสถาบันการศึกษาที่มีผู้สำเร็จการศึกษาหลักสูตรพยาบาลศาสตรบัณฑิต/^cบรรณาธิการ, สุปาณี เสนาดิสัย,
250    ^aพิมพ์ครั้งที่ 1.
260    ^aกรุงเทพฯ :^bจุดทอง,^c2556
300    ^a230 หน้า
650    ^aการรับรองสถาบันการศึกษา--การพยาบาล
945    ^p100^l0^i21271
945    ^p100^l0^i21272
945    ^p100^l0^i21273
945    ^p100^l0^i21274
945    ^p100^l0^i21275
999    ^aทศพร เกษรทอง
รายการนี้ยังไม่มีแท็ก
คุณยังไม่ได้ล็อกอิน คุณสามารถมีกิจกรรมร่วมกับเว็บไซต์ได้ แต่ต้องล็อกอินก่อน ::
  ล็อกอิน

รายการสื่อสารสนเทศ

ลำดับที่ ประเภท เลขเรียก/บาร์โค้ด สถานที่ สถานะ
1. วิทยาศาสตร์การแพทย์ และสุขภาพ
วิทยาศาสตร์การแพทย์ และสุขภาพ
สถานะ=หนังสือเก่า
WY18 ส15ค ฉ.1 
  Barcode: 21271
ห้องสมุดวิทยาเขตนครสวรรค์
►ส่วนจัดเก็บหนังสือเก่า นว.
บนชั้น
  ขอยืม
2. วิทยาศาสตร์การแพทย์ และสุขภาพ
วิทยาศาสตร์การแพทย์ และสุขภาพ
สถานะ=หนังสือเก่า
WY18 ส15ค ฉ.2 
  Barcode: 21272
ห้องสมุดวิทยาเขตนครสวรรค์
►ส่วนจัดเก็บหนังสือเก่า นว.
บนชั้น
  ขอยืม
3. วิทยาศาสตร์การแพทย์ และสุขภาพ
วิทยาศาสตร์การแพทย์ และสุขภาพ
สถานะ=หนังสือเก่า
WY18 ส15ค ฉ.3 
  Barcode: 21273
ห้องสมุดวิทยาเขตนครสวรรค์
►ส่วนจัดเก็บหนังสือเก่า นว.
บนชั้น
  ขอยืม
4. วิทยาศาสตร์การแพทย์ และสุขภาพ
วิทยาศาสตร์การแพทย์ และสุขภาพ
สถานะ=หนังสือเก่า
WY18 ส15ค ฉ.4 
  Barcode: 21274
ห้องสมุดวิทยาเขตนครสวรรค์
►ส่วนจัดเก็บหนังสือเก่า นว.
บนชั้น
  ขอยืม
5. วิทยาศาสตร์การแพทย์ และสุขภาพ
วิทยาศาสตร์การแพทย์ และสุขภาพ
สถานะ=หนังสือเก่า
WY18 ส15ค ฉ.5 
  Barcode: 21275
ห้องสมุดวิทยาเขตนครสวรรค์
►ส่วนจัดเก็บหนังสือเก่า นว.
บนชั้น
  ขอยืม

รายการใกล้เคียง
    ผู้แต่ง [สุปาณี เสนาดิสัย, บรรณาธิการ]

    หัวเรื่อง [การรับรองสถาบันการศึกษา--การพยาบาล]

BibComment


ยังไม่เคยถูกคอมเมนท์

คอมเมนท์ทรัพยากรรายการนี้
  คอมเมนท์: คู่มือการรับรองส..


 Copyright 2026. Bcnsprnw @Library